Wie heißt die Frucht? (Schwer) - Statistiken

Allgemein
  • Dieses Quiz wurde 468 mal gespielt
  • Das Durchschnittsergebnis liegt bei 5 aus 16
Antwortstatistiken
Bildquiz Antwort % Korrekt
Feige
88%
Litschi
85%
Drachenfrucht
83%
Maracuja/Passionsfrucht
78%
Kaki
73%
Durian
34%
Rambutan
22%
Guave
16%
Mangostane
7%
Pepino
3%
Akee
2%
Ilama
2%
Noni
2%
Luo Han Guo
1%
Amla
0%
Nartzannone
0%
Keine übereinstimmenden Quizze gefunden
Verteilung der Resultate
Anzahl Personen mit jedem Resultat
Perzentil nach korrekt beantworteten Fragen
Ihre Resultats-Entwicklung
Sie haben dieses Quiz noch nicht gespielt